LEADER 01084cam0 22002893 450 001 SOB021461 005 20231120113701.0 010 $a881409604X 100 $a20040211d2003 |||||ita|0103 ba 101 $aita 102 $aIT 200 1 $a<>impiego pubblico$ecommento al d.lgs. 30 marzo 2001, n.165 (mod. con l. 15 luglio 2002, n.145)$eNnorme generali sull'ordinamento del lavoro alle dipendenze delle amministrazioni pubbliche$fVolpe ... [et al] 210 $aMilano$cGiuffrè$d2003 215 $aXXVIII, 1199 p.$d24 cm 225 2 $aLe nuove leggi amministrative 300 $aSegue: Appendice legislativa 410 1$1001LAEC00015378$12001 $a*Le nuove leggi amministrative 702 1$aVolpe, Italo$3SOBA00029185$4070 801 0$aIT$bUNISOB$c20231120$gRICA 850 $aUNISOB 852 $aUNISOB$j340$m115603 912 $aSOB021461 940 $aM 102 Monografia moderna SBN 941 $aM 957 $a340$b004396$gSI$d115603$rACQUISTO$1rovito$2UNISOB$3UNISOB$420231120113529.0$520231120113545.0$6rovito 996 $aImpiego pubblico$968704 997 $aUNISOB LEADER 01571nam0 2200397 i 450 001 VIA0188965 005 20231121125926.0 010 $a9788807104572 020 $aIT$b2010-2536 100 $a20181113d2010 ||||0itac50 ba 101 | $aita 102 $ait 181 1$6z01$ai $bxxxe 182 1$6z01$an 200 1 $a˜Gli œerrori di Darwin$fM. Piattelli Palmarini, J. Fodor$gtraduzione di Virginio B. Sala$gsupervisione scientifica di Massimo Piattelli Palmarini 210 $aMilano$cFeltrinelli$d2010 215 $a263 p.$d22 cm 225 | $aCampi del sapere 410 0$1001CFI0001750$12001 $aCampi del sapere 500 10$aWhat Darwin got wrong.$3VIA0188966$9CFIV033862$935149 606 $aDarwinismo$2FIR$3RMLC142633$9E 676 $a576.82$9Genetica ed evoluzione. Teorie dell'evoluzione$v22 700 1$aPiattelli Palmarini$b, Massimo$3CFIV033862$0234243 701 1$aFodor$b, Jerry A.$3CFIV075243$046860 702 1$aSala$b, Virginio B.$3CFIV031863 790 1$aSala$b, Virginio$3CFIV253273$zSala, Virginio B. 790 1$aFodor$b, Jerry$3CFIV253217$zFodor, Jerry A. 790 1$aFodor$b, J.$3CFIV256276$zFodor, Jerry A. 801 3$aIT$bIT-01$c20181113 850 $aIT-FR0017 899 $aBiblioteca umanistica Giorgio Aprea$bFR0017 $eN 912 $aVIA0188965 950 0$aBiblioteca umanistica Giorgio Aprea$d 52DCB Pia.Err.$e 52SBA0000248245 VMB RS $fA $h20181113$i20181113 977 $a 52 996 $aWhat Darwin got wrong$935149 997 $aUNICAS